| 000 | 00580nam a22001937i 4500 | ||
|---|---|---|---|
| 999 |
_c23538 _d23538 |
||
| 003 | AR-CdUCM | ||
| 008 | 260302b20192019 pe||||| |||| 00| 0 spa d | ||
| 020 | _a978-612-47800-7-3 | ||
| 040 |
_aMUNICIPALIDAD PROVINCIAL DEL CUSCO _cBIBLIOTECA MUNICIPAL DEL CUSCO |
||
| 041 | _hspa | ||
| 082 |
_aEP / 869.56 _bS16P |
||
| 100 |
_aDe Saint-Exupery, Antoine _952367 |
||
| 245 | _aEl Principito / | ||
| 260 |
_aChorrillos-Lima : _bEM Ediciones SAC, 2019 _c2019 |
||
| 300 |
_a167 páginas. : _c24x16 cm. |
||
| 856 | _fwww.estruendomudo.pe | ||
| 942 |
_2ddc _cLIBROS |
||
| 945 |
_apbjr _d2019 |
||